00993cam a22003131 4500001001300000003000400013005001700017008004100034010001700075035001800092040007700110042001200187050001900199070001800218072001500236082001400251086001500265110004700280245001100327260004800338300004600386490003900432504004100471500002000512650002600532650004100558830006300599999001700662agr55000002 DLC20260227111017.0730503s1949 dcuabc b f001 0 eng c aagr55000002  a(OCoLC)615800 aU.S. Dept. of Agr. Libr.cOKentUdOCoLCdOUrCdDNALdFSPdOCoLCdUUdDLC apremarc00aS21b.A35 19490 a1bAg84Y 19490 aF700aK100 a634.909730 aA 1.10:9491 aUnited States.bDepartment of Agriculture.10aTrees. aWashington,bU.S. Govt. Print. Off.c[1949] axiv, 944 p.billus., port., maps.c24 cm.1 aIts Yearbook of agriculture,v1949 a"For further reference": p. 901-910. aIncludes index. 0aTreeszUnited States. 0aForests and forestryzUnited States. 0aYearbook of agriculture (Washington, D.C. : 1926) ;v1949. c11529d11529